| 000 -LEADER |
| fixed length control field |
00779nam a22002177a 4500 |
| 005 - DATE AND TIME OF LATEST TRANSACTION |
| control field |
20240123090644.0 |
| 008 - FIXED-LENGTH DATA ELEMENTS--GENERAL INFORMATION |
| fixed length control field |
240123b ||||| |||| 00| 0 eng d |
| 020 ## - INTERNATIONAL STANDARD BOOK NUMBER |
| International Standard Book Number |
9785001013952 |
| 040 ## - CATALOGING SOURCE |
| Transcribing agency |
KH8 |
| 082 ## - DEWEY DECIMAL CLASSIFICATION NUMBER |
| Classification number |
688.72 DOL |
| 100 ## - MAIN ENTRY--PERSONAL NAME |
| Personal name |
Dolan, Hannah |
| Relator term |
Author |
| 245 ## - TITLE STATEMENT |
| Title |
LEGO Star Wars : Rebel Heroes / |
| Statement of responsibility, etc. |
Hannah Dolan |
| 260 ## - PUBLICATION, DISTRIBUTION, ETC. |
| Place of publication, distribution, etc. |
New York, |
| Name of publisher, distributor, etc. |
DK Publishing, |
| Date of publication, distribution, etc. |
2016 |
| 300 ## - PHYSICAL DESCRIPTION |
| Extent |
27 pages : |
| Other physical details |
color illustrations ; |
| Dimensions |
24 cm |
| 500 ## - GENERAL NOTE |
| General note |
Contains content previously published in LEGO Star Wars Character Encyclopedia: Updated and Expanded (2015) |
| 520 ## - SUMMARY, ETC. |
| Summary, etc. |
Defy the Empire with brave Princess Leia, Luke Skywalker, Han Solo, and other Rebel heroes<br/> |
| 650 ## - SUBJECT ADDED ENTRY--TOPICAL TERM |
| Topical term or geographic name entry element |
Juvenile works |
| 650 ## - SUBJECT ADDED ENTRY--TOPICAL TERM |
| Topical term or geographic name entry element |
LEGO toys |
| 650 ## - SUBJECT ADDED ENTRY--TOPICAL TERM |
| Topical term or geographic name entry element |
Models and modelmaking |
| 942 ## - ADDED ENTRY ELEMENTS (KOHA) |
| Source of classification or shelving scheme |
|
| Koha item type |
Books - Non Ficton |